000 00444nam a2200181Ia 4500
001 19535
005 20260306172700.0
008 260306t2011||||xx |||||||||||||| ||spa||
041 _aESP
082 _a340.11
_bM86
100 _aMorales de Setién Ravina, Carlos
_eAUT
245 0 _aAnálisis económico del derecho
260 _c2011
300 _a269 páginas :
_c19 cm.
650 _aGEN
654 _aCDE
942 _cLIB
_dJUS
_fJUS
_2ddc
_n
999 _c19535
_d19535